000 00828nab a2200253 u 4500
001 21158
003 HDC
007 cr bn ---aaaaa
008 210307b2016mmddmy d||ne||||| 00| 0 may d
040 _aHDC
245 0 _aPembangunan Industri Halal MARA
_c/ Utusan Malaysia
260 _aMalaysia:
_bMedia Mulia,
_c2016
300 _a1 online resource (page 7)
336 _atext
_2rdacontent
337 _acomputer
_2rdamedia
338 _aonline resource
_2rdacarrier
500 _aSegments: MARA
650 _aIndustries
_xReligious aspects
_xIslam
_917952
710 _aUtusan Malaysia
856 _zRequest full-text at [email protected]
942 _2lcc
942 _cNEWS
942 _kNWSC 002695
999 _c18474
_d18474